| 000 | 004400000a22001810004500 | ||
|---|---|---|---|
| 003 | MACL | ||
| 005 | 20151021114109.0 | ||
| 008 | 151021b xxu||||| |||| 00| 0 eng d | ||
| 040 |
_aMACL _cMACL |
||
| 041 | _aEnglish | ||
| 082 | _a954/RAY | ||
| 100 |
_aRay, Niharranjan _914090 |
||
| 245 | _aHistory Of The Bengali People | ||
| 260 |
_bOrient Longman _c1994 _aCalcutta |
||
| 350 | _a600 | ||
| 650 |
_aHistory _916121 |
||
| 942 |
_cBK _k954 _2ddc |
||
| 999 |
_c3173 _d3173 |
||